| 000 | 00431nam a2200181Ia 4500 | ||
|---|---|---|---|
| 001 | 15603 | ||
| 005 | 20260306170208.0 | ||
| 008 | 260306t2015||||xx |||||||||||||| ||und|| | ||
| 041 | _aESP | ||
| 082 |
_a551 _bR78 |
||
| 100 |
_aRojas Caballero, David R. _eAUT |
||
| 245 | 0 | _aCompendio de geología general | |
| 260 | _c2015 | ||
| 300 |
_a000 páginas : _c00 cm. |
||
| 650 | _aGEN | ||
| 654 | _aCIC | ||
| 942 |
_cLIB _dJUS _fJUS _2ddc _n |
||
| 999 |
_c15603 _d15603 |
||